000 00459 a2200169 4500
003 OSt
005 20240212103353.0
008 240212b |||||||| |||| 00| 0 eng d
040 _coclc
082 _a297
_bHAS/K
100 _aHashim, K.K
_910449
245 _aQuranum Vidhi Sankalapavum /
_cK.K Hashim
250 _a1st ed.
260 _aMalappuram:
_bEdumind,
_c2022.
300 _a248p.
942 _2ddc
_cBK
_h297
_iHAS/K
_k297
_mHAS/K
999 _c44436
_d44436